El Palacio de la Excma. Diputación Provincial de Barcelona
Descripción Física:
80 p. : il. ; 25 cm
Otros Autores:
Sociedad de Atracción de Forasteros
MARC
| LEADER | 00000nam a2200000Ia 4500 | ||
|---|---|---|---|
| 001 | 8166 | ||
| 008 | 160829s1929 xx 000 0 cat d | ||
| 080 | |a H-1-66 | ||
| 110 | 1 | |a Barcelona (Catalunya : Província). |b Diputació |9 52408 | |
| 245 | |a El Palacio de la Excma. Diputación Provincial de Barcelona | ||
| 260 | |a Barcelona : |b Sociedad de Atracción de Forasteros de Barcelona, |c 1929 | ||
| 300 | |a 80 p. : |b il. ; |c 25 cm | ||
| 590 | |a Textos en castellà, francès, anglès i alemany. | ||
| 610 | 2 | 0 | |a Palau de la Generalitat de Catalunya |x Història |9 54640 |
| 700 | |a Sociedad de Atracción de Forasteros |9 29079 | ||
| 901 | |a Arxiu | ||
| 942 | |n 1 | ||
| 952 | |0 0 |1 0 |4 0 |6 H166 |7 1 |9 46372 |a Arxiu |b Arxiu |d 2016-12-01 |l 0 |o H-1-66 |p 8166 |r 2016-12-01 00:00:00 |w 2016-12-01 |y ARXIU | ||
| 999 | |c 50157 |d 50157 | ||